Deutsche und Balten im historisch-geographischen Werk der Zwischenkriegszeit von Hans und Gertrud Mortensen
| Titel: | Deutsche und Balten im historisch-geographischen Werk der Zwischenkriegszeit von Hans und Gertrud Mortensen |
|---|---|
| Verfasser: | |
| In: |
Zwischen Konfrontation und Kompromiss, (1995), Seite 109-132 alle Artikel anzeigen |
| Veröffentlicht: | 1995 |
| Format: | Aufsatz |
| Sprache: | Deutsch |
X
alg: 39286986 001A $01999:11-11-16 001B $01999:12-03-21 $t19:07:19.000 001D $01999:11-11-16 001U $0utf8 001X $00 002@ $0Aox 003@ $0392869861 007A $0392869861 $aHEB 007T $0Herde05395 010@ $ager 011@ $a1995 021A $aDeutsche und Balten im historisch-geographischen Werk der Zwischenkriegszeit von Hans und Gertrud Mortensen 028A $#Jähnig, Bernhart Arnulf $7122464400 $8Jähnig, Bernhart$Z1941- [Tp1] $910139912X 031A $h109-132 $j1995 039B $aIn $8--Aau--. Zwischen Konfrontation und Kompromiss. - München : Oldenbourg, 1995. - 263 S.. - ISBN 3-486-56047-6 $x199500000000000891 $9050523201 045F $a907.2094793 $eDDC23BSB 045F/01 $a907.2 045F/03 $g4793 045F/03 $g4382 045F/03 $g43832 lok: 39286986 78 exp: 39286986 78 1 #EPN 201B/01 $019-09-19 $t22:44:32.000 201U/01 $0utf8 203@/01 $0788980130 208@/01 $a11-11-16 $be 209A/01 $a/ $f000 $x00 220C/01 $aTitelaufnehmer: pk 220C/01 $aHerkunft: Baltische Bibliographie / P. Kaegbein 244Z/01 $2Trx $#Litauen $#Lithuania $#Litwa $#Litva $#Litva $8--Trx--Lietuva $x01 $9391193457 244Z/01 $2Trx $#Prusy Wschodnie i Zachodnie $8--Trx--Ost- und Westpreußen $x02 $939113373X 244Z/01 $#Prusu Lietuva $#Mažoji Lietuva $#Klein-Litauen $#Kleinlitauen $#Preußisch Litthauen $#Preußisch-Litauen $#Mała Litwa $#Litwa Mniejsza $#Litwa Pruska $#Lithuania Minor $74228688-8 $8--Tg1--Preußisch Litauen $x03 $9086193023 244Z/01 $2Trx $#Heinrich, Gertrud $8--Trx--Mortensen, Gertrud$Z1892-1992 $x04 $939087356X 244Z/01 $2Trx $8--Trx--Mortensen, Hans$Z1894-1964 $x05 $9390884316 244Z/01 $2Trx $#sakslased $#vokiečiai $#Germans $#németek $#Niemcy narodowość $#Nemci $#Němci $8--Trx--Deutsche $x06 $9391356801 244Z/01 $2Trx $#baltlased $#baltai $#balts $#balti népek $#Bałtowie $#Balti $#Baltové $8--Trx--Balten $x07 $9391375040 244Z/01 $2Trx $#asundusajalugu $#kolonizacija $#history of settlements $#településtörténet $#osadnictwo $#dejiny osídlenia $#dějiny osídlení $#osídlenie $#osídlení $8--Trx--Siedlungsgeschichte $x08 $9391357131 244Z/01 $2Trx $8--Trx--Einzelbeiträge $x09 $9391384570 245Z/01 $a01.04 $x01 247C/01 $82080>Marburg/Lahn, Herder-Institut, Forschungsbibliothek, Bibliographieportal $9336309341
| LEADER | 00000caa a22000002c 4500 | ||
|---|---|---|---|
| 001 | 392869861 | ||
| 003 | DE-603 | ||
| 005 | 20210312190719.0 | ||
| 007 | tu | ||
| 008 | 161111s1995 xx |||| | u00||u|ger c | ||
| 035 | |a (DE-599)HEB392869861 | ||
| 040 | |a DE-603 |b ger |c DE-603 |d DE-603 | ||
| 041 | |a ger | ||
| 082 | 0 | 4 | |8 1\u |a 907.2094793 |q DE-101 |2 23/BSB |
| 085 | |8 1\u |b 907.2 | ||
| 085 | |8 1\u |z 2 |s 4793 | ||
| 085 | |8 1\u |z 2 |s 4382 | ||
| 085 | |8 1\u |z 2 |s 43832 | ||
| 100 | 1 | |a Jähnig, Bernhart |d 1941- |0 (DE-603)10139912X |0 (DE-588)122464400 |2 gnd | |
| 245 | 0 | 0 | |a Deutsche und Balten im historisch-geographischen Werk der Zwischenkriegszeit von Hans und Gertrud Mortensen |
| 264 | 0 | |c 1995 | |
| 773 | 0 | 8 | |i In |t Zwischen Konfrontation und Kompromiss |d München : Oldenbourg, 1995 |h 263 S. |z 3486560476 |g (1995), Seite 109-132 |w (DE-603)050523201 |
| 924 | 0 | |9 2080 |a (DE-603)788980130 |b DE-2080 |c HES |d d |g / | |


